Nevyhnutnosť zmeny klasifikácie stavebnej produkcie pre úlohy stavebníctva súčasnosti a budúcnosti
O potrebných zmenách v klasifikácii stavebnej produkcie na základe konzultácie na sekretariáte ICIS (Medzinárodná organizácia pre stavebné informácie). Charakteristika nového triednika stavebnej produkcie (stavebných prác).
Guardado en:
| Autor principal: | |
|---|---|
| Formato: | Capítulo de libro |
| Lenguaje: | eslovaco |
| Materias: | |
| Etiquetas: |
Sin Etiquetas, Sea el primero en etiquetar este registro!
|
MARC
| LEADER | 00000naa a2200000 4500 | ||
|---|---|---|---|
| 001 | r048909 | ||
| 005 | 20230927104753.6 | ||
| 041 | 0 | |a slo | |
| 044 | |a SK | ||
| 245 | 1 | 0 | |a Nevyhnutnosť zmeny klasifikácie stavebnej produkcie pre úlohy stavebníctva súčasnosti a budúcnosti |c Anton Novotný |
| 520 | |a O potrebných zmenách v klasifikácii stavebnej produkcie na základe konzultácie na sekretariáte ICIS (Medzinárodná organizácia pre stavebné informácie). Charakteristika nového triednika stavebnej produkcie (stavebných prác). | ||
| 610 | 2 | 0 | |a stavebníctvo |
| 610 | 2 | 0 | |a výroba stavebná |
| 610 | 2 | 0 | |a klasifikácia |
| 610 | 2 | 0 | |a Slovensko |
| 100 | 1 | |a Novotný, Anton | |